| 000 | 00512nam a2200193Ia 4500 | ||
|---|---|---|---|
| 003 | GCL | ||
| 008 | 140319s9999 xx 000 0 eng d | ||
| 040 |
_aGCL / _cGCL |
||
| 082 | 0 | 4 |
_a658.472 _bA S |
| 100 | 1 | _aAHUJA, VIGAY | |
| 245 | 1 | 0 |
_aSECURE COMMERCE ON THE INTERNET. / _cAHUJA, VIGAY |
| 260 |
_a[S.N] : _bAP PROFESSIONAL ، _c1996 |
||
| 300 | _a298 P | ||
| 650 | 0 | 4 | _aSECURITY MEASURES |
| 650 | 0 | 4 | _aWORLD WIDE WEB |
| 650 | 0 | 4 | _aINTERNET |
| 650 | 0 | 4 | _aBUSINESS ENTERPRISES, COMPUTERS |
| 942 |
_2ddc _cBK |
||
| 999 |
_c13035 _d13035 |
||